Music Quiz

Random Music or Bands Quiz
Score 0/15 Timer 05:00
3 Plays Today
Band Members % Correct
Kurt Cobain, Krist Novoselic, Dave GrohlNirvana
97.9%
Sting, Andy Summers, Stewart CopelandThe Police
90.7%
Billie Joe Armstrong, Mike Dirnt, Tre CoolGreen Day
81.8%
Tony Banks, Phil Collins, Mike RutherfordGenesis
77.3%
Eric Clapton, Jack Bruce, Ginger BakerCream
74.8%
Tom DeLonge, Mark Hoppus, Travis BarkerBlink-182
63.3%
Geddy Lee, Alex Lifeson, Neil PeartRush
59.4%
Billy Gibbons, Dusty Hill, Frank BeardZZ Top
50.5%
Band Members % Correct
Ian 'Lemmy' Kilmister, Mikkey Dee, Phil 'Wizzö' CampbellMotörhead
43.1%
Matthew Bellamy, Christopher Wolstenholme, Dominic HowardMuse
28.4%
Les Claypool, Larry LaLonde, Tim AlexanderPrimus
26.7%
Bradley Nowell, Bud Gaugh, Eric WilsonSublime
19.5%
Karen O, Nick Zinner, Brian ChaseYeah Yeah Yeahs
18.8%
Henry Garza, Jojo Garza, Ringo GarzaLos Lonely Boys
8%
Matt Skiba, Derek Grant, Dan AndrianoAlkaline Trio
6.9%
Remove Ads.
Support Sporcle.
Get the best of Sporcle when you Go Orange. This ad-free experience offers more features, more stats, and more fun while also helping to support Sporcle. Thank you for becoming a member.

You're not logged in!

Compare scores with friends on all Sporcle quizzes.
OR
Log In

Show Comments

Extras

Top Quizzes Today


Score Distribution

Your Account Isn't Verified!

In order to create a playlist on Sporcle, you need to verify the email address you used during registration. Go to your Sporcle Settings to finish the process.

Report this User

Report this user for behavior that violates our Community Guidelines.

Details: